000 00425nam a2200181Ia 4500
003 OSt
005 20260507113815.0
008 250729s1975 xx 000 0 und d
040 _cAL
041 _aeng
082 _a900 DEOA
100 _aNorris Robert E
_9229100
245 _aWorld Regional Geography
260 _aSpain
_c1975
650 _aHistory
_9229101
700 _aRao Digumurthi
_9229102
942 _2ddc
_cBED
999 _c238219
_d238219